| 000 | 00724nam a22001817a 4500 | ||
|---|---|---|---|
| 003 | CEME | ||
| 005 | 20210628204040.0 | ||
| 008 | 210107b xxu||||| |||| 00| 0 eng d | ||
| 020 | _a9780470747735 | ||
| 040 | _cceme | ||
| 082 | _a629.2293 MIC | ||
| 100 |
_aChris Mi, Abdul Masrur, M, Gao, David Wenzhong _968447 |
||
| 245 | _aHybrid electric vechiles, principles and applications with practical perspectives | ||
| 260 |
_aSINGAPORE _bWILEY _c2011 |
||
| 300 | _aXIX, 448P | ||
| 650 |
_aHYBRID ELECTRIC VECHILES.HEV FUNDAMENTALS.HEV ARCHITECTURE.HEV APPLICATION FOR MILITARY VEHICLES.POWER ELECTRONICS IN HEVS.BOND GRAPH MODELING TECHNIQUES.ELECTRIC AND HYBRID VEHICLES-MODELING AND SIMULATION. _968448 |
||
| 942 |
_cBK _2ddc |
||
| 999 |
_c576023 _d576023 |
||